Le Costituzioni. (Record n. 37600)
[ formato base ]
| 000 -LEADER | |
|---|---|
| fixed length control field | 01111nam a22001817a 4500 |
| 003 - CONTROL NUMBER IDENTIFIER | |
| control field | IT-RoPau |
| 005 - DATE AND TIME OF LATEST TRANSACTION | |
| control field | 20220918175936.0 |
| 008 - FIXED-LENGTH DATA ELEMENTS--GENERAL INFORMATION | |
| fixed length control field | 121204b xxu||||| |||| 00| 0 eng d |
| 040 ## - CATALOGING SOURCE | |
| Transcribing agency | IT-RoPau |
| 100 ## - MAIN ENTRY--PERSONAL NAME | |
| Personal name | Alberione Giacomo |
| Titles and words associated with a name | ssp |
| 9 (RLIN) | 14 |
| 245 ## - TITLE STATEMENT | |
| Title | Le Costituzioni. |
| Remainder of title | Brani tratti dalle prediche del Primo Maestro alle Pie Discepole del Divin Maestro 1956-1968 |
| 250 ## - EDITION STATEMENT | |
| Edition statement | 1° ed. |
| 260 ## - PUBLICATION, DISTRIBUTION, ETC. (IMPRINT) | |
| Place of publication, distribution, etc. | Roma |
| Name of publisher, distributor, etc. | Casa Generalizia Pie Discepole del Divin Maestro |
| Date of publication, distribution, etc. | 1981 |
| 300 ## - PHYSICAL DESCRIPTION | |
| Extent | 47 p. |
| Dimensions | 14,5 cm |
| 490 ## - SERIES STATEMENT | |
| Series statement | 2° Vol. (collana mini) |
| 520 ## - SUMMARY, ETC. | |
| Summary, etc. | INDICE<br/>Le Costituzioni: interpretazione del Vangelo;<br/>Nelle Costituzioni: il volere di dio per le pie discepole;<br/>Le Costituzioni: via sicura alla santità;<br/>Regola fondamentale per la vita della pia discepola;<br/>Costituzioni e spiritualità;<br/>Per vivere la vita di Gesù Maestro;<br/>Nelle Costituzioni: la vera direzione per la pia discepola;<br/>Conoscere-osservare-amare le Costituzioni;<br/>Le Costituzioni: approvate dalla Chiesa;<br/>Interpretazione delle Costituzioni;<br/>Obbligatorietà delle Costituzioni;<br/>Complemento e commento;<br/>Costituzioni e perseveranza.<br/> |
| 942 ## - ADDED ENTRY ELEMENTS (KOHA) | |
| Source of classification or shelving scheme | Dewey Decimal Classification |
| Koha item type | LIBRO |
| Withdrawn status | Lost status | Source of classification or shelving scheme | Damaged status | Not for loan | Home library | Current library | Date acquired | Total Checkouts | Full call number | Date last seen | Price effective from | Koha item type |
|---|---|---|---|---|---|---|---|---|---|---|---|---|
| Dewey Decimal Classification | Buone Condizioni | Not For Loan | PAULUS-BIBLIOTECA | PAULUS-BIBLIOTECA | 04/12/2012 | P A5 | 04/12/2012 | 04/12/2012 | LIBRO | |||
| Dewey Decimal Classification | Buone Condizioni | Not For Loan | PAULUS-BIBLIOTECA | PAULUS-BIBLIOTECA | 04/12/2012 | P A5 | 04/12/2012 | 04/12/2012 | LIBRO | |||
| Dewey Decimal Classification | Buone Condizioni | Not For Loan | PAULUS-BIBLIOTECA | PAULUS-BIBLIOTECA | 16/11/2013 | P A5 | 16/11/2013 | 16/11/2013 | LIBRO |